Statystyki dla Kadra Holandii na mundial 2022

Kliknij tutaj aby rozwiązać quiz!

Ogólne statystyki

  • Ten quiz został rozwiązany 89 razy
  • Średni wynik to 12 z 26

Statystyki odpowiedzi

PozycjaZawodnik% Poprawnych
PomocnikFrenkie de Jong
91%
NapastnikLuuk de Jong
91%
NapastnikMemphis Depay
89%
ObrońcaVirgil van Dijk
85%
NapastnikCody Gakpo
65%
ObrońcaMatthijs de Ligt
64%
ObrońcaNathan Ake
60%
ObrońcaDaley Blind
58%
ObrońcaDenzel Dumfries
56%
NapastnikSteven Bergwijn
55%
ObrońcaJurrien Timber
51%
ObrońcaStefan de Vrij
49%
NapastnikWout Weghorst
47%
BramkarzAndries Noppert
42%
PomocnikSteven Berghuis
42%
PomocnikDavy Klaassen
40%
PomocnikMarten de Roon
38%
PomocnikTeum Koopmeiners
38%
PomocnikXavi Simons
38%
BramkarzRemko Pasveer
27%
ObrońcaTyrell Malacia
24%
BramkarzJustin Bijlow
22%
ObrońcaJeremie Frimpong
16%
NapastnikNoa Lang
15%
NapastnikVincent Janssen
15%
PomocnikKenneth Taylor
7%

Rozkład punktacji

Percentyl według liczby udzielonych odpowiedzi

Procent ludzi z każdym wynikiem

Twoja historia wyników

Nie rozwiązałeś tego quizu